Sbornik zadač po obyknovennych diferenciaľnym uravnenijam

Na minha lista:
Detalhes bibliográficos
Main Authors: Krasnov, M.L (Author), Kiselev, A.I (Author), Makarenko, G.I (Author)
Formato: Livro
Idioma:russo
Publicado em: Moskva : Vysšaja škola, 1978
Edição:3. preprac. a dopl. vyd.
Tags: Adicionar Tag
Sem tags, seja o primeiro a adicionar uma tag!

MARC

LEADER 00000nam a22000003a 4500
001 stu199460
005 20150617230034.3
008 100205s1978----xxr-----------------rus-d
040 |a STU  |b slo 
041 0 |a rus 
044 |a xxr 
080 |a 517.9(076) 
100 1 |a Krasnov, M.L  |4 aut 
245 1 |a Sbornik zadač po obyknovennych diferenciaľnym uravnenijam 
250 |a 3. preprac. a dopl. vyd. 
260 |a Moskva :  |b Vysšaja škola,  |c 1978 
300 |a 285 s 
700 1 |a Kiselev, A.I.  |4 aut 
700 1 |a Makarenko, G.I  |4 aut 
996 |b E42864  |c E*42864  |l EE03  |s P  |a 0  |w stu199460_0001